Dynasty - MIIA - All Lyrics - Statistics

General Stats
  • This quiz has been taken 87 times
  • The average score is 230 of 286
Answer Stats
Answer % Correct
a
100%
A
100%
I
100%
eh
98%
it
96%
It
96%
you
96%
all
94%
dynasty
92%
gone
90%
gone)
90%
is
90%
And
88%
(And
88%
gave
88%
Gave
88%
break
86%
no
86%
Thought
86%
was
86%
we
86%
like
84%
so
84%
that
84%
Made
82%
made
82%
to
82%
up
82%
down,
80%
down
80%
ever
80%
fell
80%
fell,
80%
built
78%
nothing
78%
couldn't
76%
the
74%
it's
72%
Some
72%
days,
70%
hard
70%
me,
70%
fool
68%
see,
68%
if
66%
in
66%
shake
66%
heaven
64%
I'm
64%
stone
64%
through
62%
or
60%
million
58%
one
58%
Tumbled
58%
just
56%
my
56%
of
56%
can't
54%
every
54%
forever
54%
now
54%
piece
52%
thief
52%
find
50%
hurts
50%
more
50%
worse
50%
you're
50%
be
46%
from
46%
story
46%
maze
42%
reverse
42%
scar
42%
Don’t
40%
heals,
40%
missing
40%
wonder
40%
how
36%
know
36%
living
36%
torn
36%
page
32%
close
30%
distant
30%
someone
30%
No matching quizzes found
Score Distribution
Percent of People with Each Score
Percentile by Number Answered
Your Score History
You have not taken this quiz